|
|
|
|
| LEADER |
00972nam a2200253 a 4500 |
| 001 |
9000053241 |
| 008 |
100116s1960 us 00 eng d |
| 010 |
|
|
|a 60014402
|
| 040 |
|
|
|a UKM
|c EQF
|d BD-DhAAL
|
| 082 |
0 |
0 |
|a 302.2/34
|
| 100 |
1 |
|
|a Klapper, Joseph T.
|
| 245 |
0 |
4 |
|a The effects of mass communication /
|c Joseph T. Klapper
|
| 260 |
|
|
|a New York :
|b Free Press,
|c 1960
|
| 300 |
|
|
|a 302 p ;
|c 22 cm.
|
| 490 |
0 |
|
|a Foundations of communications research.
|
| 500 |
|
|
|a Thesis statement on label mounted on t.p.
|
| 502 |
|
|
|a Thesis--Columbia University.
|
| 504 |
|
|
|a Includes bibliography and index.
|
| 541 |
1 |
|
|e 00002299
|
| 650 |
|
0 |
|a Mass media
|x Social aspects.
|
| 650 |
|
0 |
|a Communication
|x Research.
|
| 852 |
4 |
|
|a Ayesha Abed Library
|j General Shelf.
|
| 999 |
|
|
|c 7026
|d 7026
|
| 952 |
|
|
|0 0
|1 0
|2 ddc
|4 0
|6 302_234000000000000_KLA_1960
|7 0
|9 7281
|a BRACUL
|b BRACUL
|c GEN
|d 2010-01-17
|g 0.00
|l 3
|o 302.234 KLA
|p 3010002299
|r 2026-04-19
|s 2026-02-22
|t 1
|w 2010-01-17
|y BK
|z Not price in Register
|